000 00798nam a2200253Ia 4500
003 OSt
005 20220923211213.0
006 a|||||r|||| 00| 0
007 ta
008 Pun
020 _a9788126045945 (hbk)
_c200
024 _a290,097
037 _b1031, 18/03/2016, H.K. Prakashan
_cTextual
040 _aARTS
_cARTS
_bPun
041 _2Pun
_aPun
082 _aY:351.2, 153Q4
100 _aਦਾਸ, ਮਨੋਜ
_9159596
245 0 _aਰਮਗ਼ ਭਰੀਆਂ ਕਹਾਣੀਆਂ
260 _aਦਿੱਲੀ
_b ਸਾਹਿਤ ਅਕਾਦੇਮੀ
_c2014
300 _a360ਪੰ
_ccm.
650 _aਸਮਾਜ Fਾਸਤਰ
_9159597
942 _hY:351.2, 153Q4
_cTEXL
_2CC
999 _c296797
_d296797